Rokycany
| Titel: | Rokycany : město na demarkační linii / Hana Hrachová |
|---|---|
| Verfasser: | |
| Ausgabe: | 1. vydání |
| Veröffentlicht: | Hostivice : Baron, 2025 |
| Umfang: | 108 Seiten : Illustrationen, Porträts |
| Format: | Buch |
| Sprache: | Tschechisch |
| ISBN: | 9788088121992 |
alg: 53261060 001A $03004:13-08-25 001B $03004:27-03-26 $t10:24:13.000 001D $03004:27-03-26 001U $0utf8 001X $00 002@ $0Aau 002C $aText $btxt $2rdacontent 002D $aohne Hilfsmittel zu benutzen $bn $2rdamedia 002E $aBand $bnc $2rdacarrier 003@ $0532610601 004A $A978-80-88121-99-2 007A $0532610601 $aHEB 010@ $acze 010E $erda 011@ $a2025 013D $RBuch $RBildliche Darstellung $#Bildband $#Abbildungen Formschlagwort $#Ansichtspostkarte Formschlagwort $#Bildatlas $#Bilddokumente $#Bilder Formschlagwort $#Bildmaterial Formschlagwort $#Ansichten Formschlagwort $#Bildsammlung $#Abbildungswerk $#Illustrationswerk $#Photographien-Bildband $#Fotographien-Bildband $#Bildbände $74145395-5 $8Bildband [Tsz] $9085578738 021A $aRokycany $dměsto na demarkační linii $hHana Hrachová 028A $BVerfasser $#Hrachová, H. $4aut $7142029920 $8Hrachová, Hana$Z1975- [Tp3] $922594636X 032@ $a1. vydání 033A $pHostivice $nBaron 034D $a108 Seiten 034M $aIllustrationen, Porträts 044K $#Rokycany $#Rokitzan $74343124-0 $8Rokycan [Tg1] $9088172198 044K $RWeltkrieg $#World War, 1939-1945 $#Guerre mondiale (1939-1945) $#Weltkrieg 1939-1945 $#2. Weltkrieg $#Weltkrieg 2 $#II. Weltkrieg $#Weltkrieg II $74079167-1 $8Zweiter Weltkrieg [Tsz] $9085224618 044K $RUnited States $RUSA $#USA, U.S. Army $#U.S. Army $#USA, United States Army $#United States Army $#Army USA $#USA, Armed Forces $#Armed Forces USA $#USA, Secretary of the Army $#Secretary of the Army USA $72188-X $8USA$bArmy [Tb1] $9040153444 044K $#Befreiung $#Befreiung $74124630-5 $8Befreiung [Ts1] $9085416754 044K $RKrieg $#War Termination $#Guerre Fin $#Kriegsende $#Kriegsbeendigung/Kriegsende $#Kriegsbeendigungsabkommen $#Krieg Ende $74114316-4 $8Kriegsende [Ts1] $9085341592 045F $a307.09437109044 $eDDC23BSB 045F/01 $a307.09 045F/03 $f09044 045F/03 $g4371 045G $a355.009437109044 $eDDC23BSB 045G/01 $a355.009 045G/03 $f09044 045G/03 $g4371 045R $aGeschichte 1939-1945 lok: 53261060 24 exp: 53261060 24 1 #EPN 201B/01 $027-03-26 $t10:00:15.000 201C/01 $013-08-25 201U/01 $0utf8 203@/01 $01316008738 208@/01 $a03-09-25 $bz 209A/01 $a25.04574 $du $f050 $h25 04574 $x00 209C/01 $a25.04574 K $h25 04574 K 209G/01 $a75092881 $x00 220C/01 $akon 247C/01 $8358050-7Marburg, Bibliothek des Herder-Instituts Marburg $9102600961 lok: 53261060 78 exp: 53261060 78 1 #EPN 201B/01 $030-09-25 $t11:46:19.000 201C/01 $030-09-25 201U/01 $0utf8 203@/01 $01318471931 208@/01 $a30-09-25 $be 209A/01 $a/ $f000 $x00 209A/01 $ab*p $x01 220C/01 $apgar 244Z/01 $#Böhmische Kronländer $#Länder der Böhmischen Krone $#Sudetenland $#Böhmen $#Mähren $#Mährisch-Schlesien $#Österreichisch-Schlesien $#Tschechische Sozialistische Republik Böhmische Länder $#Tschechei Böhmische Länder $#Země koruny české $74069573-6 $8--Tg1--Böhmische Länder $x03 $9085195553 244Z/01 $#Tschechoslowakei $#Tschechoslowakei $#Tschechoslowakei $#Tschechische und Slowakische Föderative Republik $#République Tchéco-Slovaque $#Tchécoslovaquie $#Československá Federativní Republika $#Česká a Slovenská Federativní Republika $#Czech and Slovak Federal Republic $#ČSFR $#ČSSR $#ČSR $#RČS $#Československo $#Československá Socialistická Republika $#Československá Republika $#Tschechoslowakische Sozialistische Republik $#Tschechoslowakische Republik $#Tschechoslowakische Föderative Republik $#Republika Československá $#Czechoslovakia $#Čechoslovakische Republik $#République Tchécho-Slovaque $#Tchéchoslovaquie $#Czechoslovak Socialist Republic $#Checoeslovaquia $#Cecoslovacchia $#Čechoslovakija $#République tchécoslovaque $74078435-6 $8--Tg1--Tschechoslowakei $x04 $9085222305 247C/01 $82080>Marburg/Lahn, Herder-Institut, Forschungsbibliothek, Bibliographieportal $9336309341
| LEADER | 00000cam a2200000 c 4500 | ||
|---|---|---|---|
| 001 | 532610601 | ||
| 003 | DE-603 | ||
| 005 | 20260327102413.0 | ||
| 007 | tu | ||
| 008 | 250813s2025 xx |||| | u00||u|cze c | ||
| 020 | |a 9788088121992 | ||
| 035 | |a (DE-599)HEB532610601 | ||
| 040 | |a DE-603 |b ger |c DE-603 |d DE-603 |e rda | ||
| 041 | |a cze | ||
| 082 | 0 | 4 | |8 1\u |a 307.09437109044 |q DE-101 |2 23/BSB |
| 083 | 0 | |8 2\u |a 355.009437109044 |q DE-101 |2 23/BSB | |
| 085 | |8 1\u |b 307.09 | ||
| 085 | |8 1\u |z 1 |s 09044 | ||
| 085 | |8 1\u |z 2 |s 4371 | ||
| 085 | |8 2\u |b 355.009 | ||
| 085 | |8 2\u |z 1 |s 09044 | ||
| 085 | |8 2\u |z 2 |s 4371 | ||
| 100 | 1 | |a Hrachová, Hana |d 1975- |e Verfasser |4 aut |0 (DE-603)22594636X |0 (DE-588)142029920 |2 gnd | |
| 245 | 0 | 0 | |a Rokycany |b město na demarkační linii |c Hana Hrachová |
| 250 | |a 1. vydání | ||
| 264 | 1 | |a Hostivice |b Baron |c 2025 | |
| 300 | |a 108 Seiten |b Illustrationen, Porträts | ||
| 336 | |a Text |b txt |2 rdacontent | ||
| 337 | |a ohne Hilfsmittel zu benutzen |b n |2 rdamedia | ||
| 338 | |a Band |b nc |2 rdacarrier | ||
| 610 | 1 | 7 | |a USA |b Army |2 gnd |0 (DE-588)2188-X |0 (DE-603)040153444 |
| 648 | 7 | |a Geschichte 1939-1945 |2 gnd | |
| 650 | 7 | |a Zweiter Weltkrieg |0 (DE-588)4079167-1 |0 (DE-603)085224618 |2 gnd | |
| 650 | 7 | |a Befreiung |0 (DE-588)4124630-5 |0 (DE-603)085416754 |2 gnd | |
| 650 | 7 | |a Kriegsende |0 (DE-588)4114316-4 |0 (DE-603)085341592 |2 gnd | |
| 651 | 7 | |a Rokycan |0 (DE-588)4343124-0 |0 (DE-603)088172198 |2 gnd | |
| 655 | 7 | |a Bildband |2 gnd-content |0 (DE-588)4145395-5 |0 (DE-603)085578738 | |
| 924 | 0 | |9 Mb 50 |a (DE-603)1316008738 |b DE-Mb50 |c HES |d c |g 25.04574 | |
| 924 | 0 | |9 2080 |a (DE-603)1318471931 |b DE-2080 |c HES |d d |g / | |


